| 000 | 00643nam a22001697a 4500 | ||
|---|---|---|---|
| 005 | 20250213154907.0 | ||
| 008 | 250213b |||||||| |||| 00| 0 eng d | ||
| 082 |
_22024 _aUT |
||
| 100 |
_aDe Chavez, Rhea Mae _965228 |
||
| 245 |
_aFinancial capability and profit maximization of selected rice farmers in Hagonoy / _cRhea Mae De Chavez, Rhona Mae Gatcho, and Kharen Alquizola |
||
| 260 |
_aDigos City : _bUMDC, _c©July 2024 |
||
| 300 |
_aviii, 37 pages : _billustration (some colors) ; _c@29 cm. |
||
| 500 | _aIncludes references and appendices. | ||
| 700 |
_aGatcho, Rhona Mae _965229 |
||
| 700 |
_aAlquizola, Kharen _965230 |
||
| 942 |
_2ddc _cUT |
||
| 999 |
_c23433 _d23433 |
||